MESTSKÁ KNIŽNICA GIRALTOVCE  - online katalóg 

Ako zatĺcť klinec (Record no. 24205)

000 -NÁVESTIE
fixed length control field 01254cam a2200349 4500
001 - EVIDENČNÉ ČÍSLO ZÁZNAMU - Kontrolné číslo
control field vtls012020628
005 - DÁTUM A ČAS POSLEDNEJ TRANSAKCIE
control field 20260507110457.0
008 - ÚDAJE S PEVNOU DĹŽKOU – VŠEOBECNÉ INFORMÁCIE
fixed length control field 210401s2021 xo oa grf 000 0 slo
020 ## - MEDZINÁRODNÉ ŠTANDARDNÉ ČÍSLO KNIHY (ISBN)
Medzinárodné štandardné číslo knihy (ISBN) 9788055171883
Qualifying information (brožované)
040 ## - ZDROJ KATALOGIZÁCIE
Pôvodná katalogizujúca agentúra TVZK
Jazyk katalogizácie slo
Prepisujúca agentúra TVZK
Modifikujúca agentúra SNK
Konvencie popisu rda
041 1# - KÓD JAZYKA
Kód jazyka textu/zvukovej stopy alebo samostatných nápisov slo
Kód jazyka originálu a/alebo sprostredkujúcich prekladov textu fre
044 ## - KÓD KRAJINY VYDAVATEĽA/PRODUCENTA
Kód krajiny MARC xo
Kód krajiny ISO SK
072 #7 - KÓD PREDMETOVEJ KATEGÓRIE
Kód predmetovej kategórie 645
Pododdiel kódu predmetovej kategórie Nábytok
Zdroj konspekt
072 #7 - KÓD PREDMETOVEJ KATEGÓRIE
Kód predmetovej kategórie 67/68
Pododdiel kódu predmetovej kategórie Remeslá. Rôzne odvetvia priemyslu
Zdroj konspekt
080 ## - ČÍSLO MEDZINÁRODNÉHO DESATINNÉHO TRIEDENIA (MDT)
Číslo Medzinárodného desatinného triedenia (MDT) 689-051
Identifikátor vydania 2011
080 ## - ČÍSLO MEDZINÁRODNÉHO DESATINNÉHO TRIEDENIA (MDT)
Číslo Medzinárodného desatinného triedenia (MDT) (035)
Identifikátor vydania 2011
240 10 - UNIFIKOVANÝ NÁZOV
Unifikovaný názov Comment planter un clou
Jazyk diela Slovensky
245 00 - NÁZOV
Názov Ako zatĺcť klinec
Zvyšok názvu prebuďte v sebe domáceho majstra!
Údaj o zodpovednosti atď. z francúzskeho originálu Comment planter un clou ... preložila Andrea Černáková
250 ## - ÚDAJ O PORADÍ VYDANIA
Údaj o poradí vydania Prvé vydanie
264 #1 - VYDAVATEĽSKÉ ÚDAJE, DISTRIBÚCIA ATĎ. - RDA
Miesto publikovania, distribúcie atď. Bratislava
Názov vydavateľa, distibútora atď. IKAR a.s - Príroda
Dátum publikovania, distribúcie atď. 2021
300 ## - FYZICKÝ POPIS
Rozsah 111 strán
Ďalšie fyzické detaily farebné fotografie, ilustrácie
Rozmery 20 cm
336 ## - TYP OBSAHU
Typ obsahu - termín text
Typ obsahu - kód txt
Zdroj rdacontent
336 ## - TYP OBSAHU
Typ obsahu - termín statický obraz
Typ obsahu - kód sti
Zdroj rdacontent
337 ## - TYP MÉDIA
Typ média - termín bez média
Typ média - kód n
Zdroj rdamedia
338 ## - TYP NOSIČA
Typ nosiča - termín zväzok
Typ nosiča - kód nc
Zdroj rdacarrier
650 07 - PRIDANÝ VSTUP – PREDMET – TEMATICKÉ HESLO
Tematické heslo alebo geografický názov ako vstupný prvok domáci majstri
Zdroj hesla alebo termínu SNKPH
-- 4764
650 07 - PRIDANÝ VSTUP – PREDMET – TEMATICKÉ HESLO
Tematické heslo alebo geografický názov ako vstupný prvok Handymen
Zdroj hesla alebo termínu SNKPHeng
-- 4767
655 #7 - INDEXAČNÝ TERMÍN – ŽÁNER/FORMA
Údaje o žánri/forme alebo termín, ktorý je prvok fazety príručky
Zdroj termínu SNKPH
-- 1541
655 #7 - INDEXAČNÝ TERMÍN – ŽÁNER/FORMA
Údaje o žánri/forme alebo termín, ktorý je prvok fazety Handbooks, manuals, etc.
Zdroj termínu SNKPHeng
-- 1630
700 1# - PRIDANÝ VSTUP – OSOBNÉ MENO
Osobné meno Černáková, Andrea,
Dátumy súvisiace s menom 1975-
Kód roly trl
-- 5552
958 ## - Formálny deskriptor
Formálny deskriptor UP
Holdings
Stav stiahnutia (Blokovanie) (Withrawn status) Stav straty Zdroj klasifikácie pre skladovanie Stav poškodenia (Damaged status) Nie pre výpožičky (Not for loan) Spôsob nadobudnutia (Collection code) Trvalé umiestnenie Aktuálne umiestnenie Dátum nadobudnutia Náklady, bežná kúpna cena Inventárne číslo (prírastkové číslo) Full call number Čiarový kód Dátum posledného výskytu Cena s účinnosťou od Typ jednotky Koha
          Kúpa Mestská knižnica Giraltovce Mestská knižnica Giraltovce 2026-05-07 1.00 22571 I1928 I1928 2026-05-07 2026-05-07 Odborná literatúra pre dospelých

Powered by Koha